[Event "SRB-chT Men 1st League 2019"]
[Site "Subotica"]
[Date "2019.08.31"]
[Round "10.18"]
[White "Laketic, Gojko"]
[Black "Omorjan, Dejan"]
[Result "0-1"]
[WhiteElo "2376"]
[BlackElo "2291"]
[Annotator "NA"]
[PlyCount "58"]
[EventDate "2019.08.23"]
[EventType "team-tourn"]
[EventCountry "SRB"]
[SourceTitle "playchess.com"]
[Source "ChessBase"]
[SourceQuality "1"]
[TimeControl "40/5400+30:1800+30"]

1. Nf3 {[%emt 0:00:00]} d6 {[%emt 0:01:15]} 2. g3 {[%emt 0:01:48]} g6 {[%emt 0:00:33]} 3. Bg2 {[%emt 0:01:09]} Bg7 {[%emt 0:00:10]} 4. c4 {[%emt 0:01:41]} Nf6 {[%emt 0:00:35]} 5. Nc3 {[%emt 0:00:39]} O-O {[%emt 0:00:49]} 6. O-O {[%emt 0:01:53]} Nc6 {[%emt 0:03:55]} 7. d3 {[%emt 0:10:46]} e5 {[%emt 0:00:49]} 8. Rb1 {[%emt 0:00:43]} a5 {[%emt 0:00:38]} 9. a3 {[%emt 0:02:01]} h6 {[%emt 0:00:43]} 10. b4 {[%emt 0:02:01]} axb4 {[%emt 0:01:18]} 11. axb4 {[%emt 0:00:02]} Be6 {[%emt 0:00:33]} 12. b5 {[%emt 0:12:47]} Ne7 {[%emt 0:00:51]} 13. Bb2 {[%emt 0:00:36]} Nd7 {[%emt 0:02:39]} 14. Ra1 {[%emt 0:06:01]} Nc5 {[%emt 0:08:18]} 15. Rxa8 {[%emt 0:03:10]} Qxa8 {[%emt 0:00:02]} 16. Qc2 {[%emt 0:00:11]} Qc8 {[%emt 0:04:15]} 17. Ra1 {[%emt 0:01:02]} Bh3 {[%emt 0:04:35]} 18. Bh1 {[%emt 0:00:50]} f5 {[%emt 0:04:52]} 19. Nd2 {[%emt 0:22:37]} f4 {[%emt 0:04:17]} 20. Nd5 {[%emt 0:01:57]} Nf5 {[%emt 0:04:17]} 21. Ne4 {[%emt 0:01:12]} Kh7 {[%emt 0:06:40]} 22. Nxc5 {[%emt 0:02:11]} dxc5 {[%emt 0:00:44]} 23. b6 {[%emt 0:08:22]} c6 {[%emt 0:07:36]} 24. Nc7 {[%emt 0:12:16]} fxg3 {[%emt 0:05:41]} 25. hxg3 {[%emt 0:00:24]} Nxg3 {[%emt 0:03:32]} 26. Bf3 {[%emt 0:00:13]} Rxf3 {[%emt 0:02:25]} 27. exf3 {[%emt 0:00:16]} Nh5 {[%emt 0:01:52]} 28. Kh2 {[%emt 0:06:14]} Nf4 {[%emt 0:01:34]} 29. Rg1 {[%emt 0:00:39]} Bg2 {[%emt 0:00:30]} 0-1

[Event "SRB-chT Men 1st League 2019"]
[Site "Subotica"]
[Date "2019.09.01"]
[Round "11.1"]
[White "Rublevsky, Sergei"]
[Black "Indjic, Aleksandar"]
[Result "1/2-1/2"]
[WhiteElo "2652"]
[BlackElo "2617"]
[Annotator "TA"]
[PlyCount "119"]
[EventDate "2019.08.23"]
[EventType "team-tourn"]
[EventCountry "SRB"]
[SourceTitle "playchess.com"]
[Source "ChessBase"]
[SourceQuality "1"]

{[%evp 16,119,10,20,15,0,30,20,18,0,0,0,0,0,0,0,9,0,0,0,0,0,6,2,5,0,3,-14,0,-16,0,0,0,0,-2,-2,0,-7,0,0,0,-10,-10,-9,-9,-14,0,0,0,0,10,0,14,0,0,0,0,0,0,0,0,0,0,0,0,0,0,0,0,0,0,0,0,0,0,0,0,0,0,0,0,0,0,0,0,0,0,0,0,0,0,0,0,0,0,0,0,0,0,0,0,0,0,0,0,0]} 1. e4 c5 2. Nf3 d6 3. d4 cxd4 4. Nxd4 Nf6 5. Nc3 a6 6. Be2 e5 7. Nb3 Be7 8. O-O O-O 9. Re1 Be6 {B92: Sicilian Najdorf: 6 Be2} 10. Bf3 Nbd7 11. a4 Qb8 {The position is equal.} 12. h3 Rc8 13. Nd2 Bd8 14. Nf1 Ba5 15. Bd2 Rc4 16. Nb1 Bxd2 $146 ({Predecessor:} 16... Qc7 17. c3 {1-0 (39) Areshchenko,A (2682)-Santos Ruiz,M (2480) Sharjah 2017}) 17. Nbxd2 Rc6 18. Ne3 b5 19. axb5 axb5 20. Rxa8 Qxa8 21. c3 Nc5 22. Qe2 Rb6 23. b4 Na4 ({But not} 23... Ncxe4 24. c4 $14) 24. c4 bxc4 25. Ndxc4 Rxb4 26. Nxd6 Qd8 27. Qa6 Nd7 {...Nb8 is the strong threat.} 28. Qc8 Qxc8 29. Nxc8 Kf8 30. Nd6 g6 31. Bg4 Bxg4 32. hxg4 Nab6 33. f3 Ke7 34. Rd1 Rb3 35. Nd5+ Nxd5 36. Rxd5 $11 {[%mdl 4096] Endgame KRN-KRN} Rc3 37. Rd2 Nf8 38. Nb5 Rc1+ 39. Kh2 Ne6 40. Ra2 Kf6 41. Rd2 Rc5 42. Rb2 Nf4 43. Na3 Rc3 44. Nb5 Rc1 45. Rd2 Rc5 46. Na3 Rc3 47. Nb5 Rc1 48. Na3 Rc3 49. Nb5 Rc4 50. Na3 Ra4 51. Nb5 Rb4 52. Nc3 Rd4 53. Ra2 Rd3 54. Ne2 Ne6 55. Kg3 Nc5 56. Kh2 h6 57. Ng1 Rb3 58. Nh3 Nd3 59. Ra6+ Kg7 60. Rd6 {Accuracy: White = 81%, Black = 64%.} 1/2-1/2

[Event "SRB-chT Men 1st League 2019"]
[Site "Subotica"]
[Date "2019.09.01"]
[Round "11.2"]
[White "Ivic, Velimir"]
[Black "Ivanisevic, Ivan"]
[Result "1/2-1/2"]
[WhiteElo "2511"]
[BlackElo "2618"]
[Annotator "TA"]
[PlyCount "60"]
[EventDate "2019.08.23"]
[EventType "team-tourn"]
[EventCountry "SRB"]
[SourceTitle "playchess.com"]
[Source "ChessBase"]
[SourceQuality "1"]

{[%evp 9,60,52,77,57,61,44,50,64,71,62,67,77,71,58,65,60,66,28,31,40,35,29,29,29,26,26,40,13,13,12,13,12,26,-21,-20,-20,-21,-21,-21,-26,-26,-26,-19,-26,-26,-26,-26,-32,-32,-34,-34,-46,-34]} 1. e4 e5 2. Nf3 Nc6 3. Bb5 f5 4. Nc3 Bb4 (4... fxe4 5. Nxe4 Nf6 6. Nxf6+ Qxf6 7. Qe2 Be7 8. Bxc6 bxc6 9. Qxe5 d6 10. Qxf6 Bxf6 11. d4 O-O 12. Be3 Bg4 13. O-O-O Be7 14. Rd3 Bxf3 15. gxf3 Rxf3 16. Rc3 c5 17. dxc5 dxc5 {1-0 (29) Saric,I (2695)-Nihal,S (2576) St Petersburg 2018}) 5. Bxc6 bxc6 6. Nxe5 {C63: Ruy Lopez: Schliemann/Jaenisch Defence} Qf6 7. d4 d6 8. Nxc6 {White is slightly better.} Bxc3+ $1 9. bxc3 {e5 is the strong threat.} fxe4 $146 ({Predecessor:} 9... Bb7 10. Na5 Bxe4 11. O-O Ne7 12. f3 {1-0 (61) Kryvoruchko,Y (2592)-Shirazi,K (2424) Cappelle-la-Grande 2007}) 10. Qh5+ Qf7 11. Qxf7+ Kxf7 12. Na5 Nf6 13. Nc4 Nd5 14. Ne3 Be6 15. Nxd5 Bxd5 16. Be3 Rhb8 17. Kd2 Rb6 18. Rhb1 Rab8 19. Kc1 Ke7 20. a3 Bc4 21. d5 Rxb1+ 22. Rxb1 Rxb1+ 23. Kxb1 $11 {[%mdl 4096] Endgame KB-KB} a6 24. Kc1 Bxd5 25. g3 Ke6 26. h4 Bc4 27. Kd2 Bb5 28. Bd4 g6 {Black is slightly better.} 29. Be3 Kd5 30. Bf4 Ba4 {Accuracy: White = 50%, Black = 57%.} 1/2-1/2

[Event "SRB-chT Men 1st League 2019"]
[Site "Subotica"]
[Date "2019.09.01"]
[Round "11.3"]
[White "Miladinovic, Igor"]
[Black "Popov, Ivan"]
[Result "1/2-1/2"]
[WhiteElo "2532"]
[BlackElo "2604"]
[Annotator "TA"]
[PlyCount "38"]
[EventDate "2019.08.23"]
[EventType "team-tourn"]
[EventCountry "SRB"]
[SourceTitle "playchess.com"]
[Source "ChessBase"]
[SourceQuality "1"]

{[%evp 17,38,21,23,23,31,0,0,0,0,0,0,-336,0,0,0,0,0,0,0,0,0,0,0]} 1. d4 d5 2. Nf3 ({Predecessor:} 2. Bf4 Nf6 3. e3 e6 4. Nd2 Bd6 5. Bg3 c5 6. c3 Nc6 {½-½ (22) Delchev,A (2607)-Rusev,K (2541) Sunny Beach 2015}) 2... Nf6 3. Bf4 e6 4. e3 c5 5. c3 Nc6 6. Nbd2 Bd6 7. Bg3 O-O 8. Bd3 Qe7 9. Ne5 Nd7 10. Nxd7 {D02: 1 d4 d5 2 Nf3 sidelines, including 2...Nf6 3 g3 and 2...Nf6 3 Bf4} Qxd7 11. Bxd6 $146 (11. O-O b6 12. Bxd6 Qxd6 13. f4 f5 14. Nf3 c4 15. Bc2 b5 16. a3 a5 17. g4 Bd7 {½-½ (69) Grischuk,A (2781)-Hammer,J (2677) Stavanger 2015}) 11... Qxd6 12. dxc5 Qxc5 13. Bxh7+ Kxh7 14. Qh5+ $1 Kg8 {[#] Threatens to win with ...Qb5.} 15. Ne4 $1 {[%cal Re4c5][%mdl 512] The position is equal.} g6 $1 {Strongly threatening ...Qe7.} (15... dxe4 16. Qxc5) 16. Qg5 $1 (16. Nxc5 $2 {too greedy.} gxh5 17. Nd3 e5 $19) ({Avoid the trap} 16. Nf6+ $2 Kg7 $19) 16... Qe7 17. Nf6+ Kg7 18. Nh5+ $1 Kh7 (18... Kg8 $5 19. Nf6+ $8 Kg7 20. Nh5+ Kg8 21. Nf6+ $11) 19. Nf6+ Kg7 1/2-1/2

[Event "SRB-chT Men 1st League 2019"]
[Site "Subotica"]
[Date "2019.09.01"]
[Round "11.4"]
[White "Stojanovic, Mihajlo"]
[Black "Lazic, Miroljub"]
[Result "1/2-1/2"]
[WhiteElo "2475"]
[BlackElo "2387"]
[Annotator "TA"]
[PlyCount "77"]
[EventDate "2019.08.23"]
[EventType "team-tourn"]
[EventCountry "SRB"]
[SourceTitle "playchess.com"]
[Source "ChessBase"]
[SourceQuality "1"]

{[%evp 11,77,35,43,37,42,50,31,47,38,45,43,47,35,0,0,0,0,0,0,0,0,19,8,0,0,0,0,0,0,0,0,0,0,-5,-6,-6,-5,-3,15,-21,-6,-6,-5,-7,0,-6,0,0,0,0,0,0,0,0,0,0,0,0,10,0,0,0,0,0,49,63,72,86]} 1. d4 d5 2. c4 dxc4 3. Nf3 Nf6 4. e3 Bg4 5. Bxc4 e6 6. Nc3 Nc6 7. Bb5 {D07: Queen's Gambit: Chigorin Defence} Bd6 8. e4 Nd7 9. Be3 {White is slightly better.} e5 10. d5 $146 ({Predecessor:} 10. Bxc6 bxc6 11. h3 exd4 12. Bxd4 Be6 13. O-O O-O 14. Ne2 c5 {1-0 (36) Berkes,F (2653)-Stevic,H (2601) Hungary 2018}) 10... Nd4 11. Bxd4 {[#] Strongly threatening Bxd7+.} Bxf3 $1 12. Qxf3 {Threatens to win with Be3.} exd4 13. Ne2 c6 14. dxc6 Qa5+ {[%mdl 64] [#] Double Attack} 15. Kf1 Qxb5 {[%mdl 64] Double Attack} 16. cxd7+ Qxd7 17. g3 Qh3+ 18. Kg1 O-O 19. Nxd4 Rfe8 20. Qf5 Qxf5 21. Nxf5 Be5 22. f4 Bxb2 23. Rb1 Ba3 $1 24. e5 b6 25. Rb3 Bf8 {next ...f6 is good for Black.} 26. Kg2 Rad8 27. Rb2 Rd5 28. Re1 Red8 29. Ree2 Bc5 30. Nh4 Kf8 31. Nf3 h6 32. Re4 R8d7 33. f5 Re7 34. g4 Ke8 35. h4 g6 36. Rbe2 gxf5 37. gxf5 Kd8 38. Kg3 Rd3 39. Kg4 {Accuracy: White = 68%, Black = 73%.} 1/2-1/2

[Event "SRB-chT Men 1st League 2019"]
[Site "Subotica"]
[Date "2019.09.01"]
[Round "11.5"]
[White "Laketic, Gojko"]
[Black "Vucinic, Gojko"]
[Result "1/2-1/2"]
[WhiteElo "2376"]
[BlackElo "2396"]
[Annotator "NA"]
[PlyCount "27"]
[EventDate "2019.08.23"]
[EventType "team-tourn"]
[EventCountry "SRB"]
[SourceTitle "playchess.com"]
[Source "ChessBase"]
[SourceQuality "1"]
[TimeControl "40/5400+30:1800+30"]

1. d4 {[%emt 0:00:18]} Nf6 {[%emt 0:04:46]} 2. c4 {[%emt 0:00:17]} g6 {[%emt 0:00:02]} 3. Nc3 {[%emt 0:00:21]} d5 {[%emt 0:00:02]} 4. cxd5 {[%emt 0:00:27]} Nxd5 {[%emt 0:00:04]} 5. Bd2 {[%emt 0:00:11]} Bg7 {[%emt 0:00:06]} 6. Nf3 {[%emt 0:00:32]} c5 {[%emt 0:00:46]} 7. Rc1 {[%emt 0:00:50]} Nxc3 {[%emt 0:00:12]} 8. Bxc3 {[%emt 0:01:46]} cxd4 {[%emt 0:00:04]} 9. Nxd4 {[%emt 0:02:04]} O-O {[%emt 0:00:11]} 10. e3 {[%emt 0:00:51]} Bd7 {[%emt 0:11:20]} 11. Be2 {[%emt 0:01:37]} Nc6 {[%emt 0:01:22]} 12. O-O {[%emt 0:04:07]} Nxd4 {[%emt 0:02:33]} 13. Bxd4 {[%emt 0:00:11]} Be6 {[%emt 0:07:01]} 14. Bxg7 {[%emt 0:02:55]} 1/2-1/2

[Event "SRB-chT Men 1st League 2019"]
[Site "Subotica"]
[Date "2019.09.01"]
[Round "11.6"]
[White "Damjanovic, Vuk"]
[Black "Tesic, Dragan"]
[Result "0-1"]
[WhiteElo "2246"]
[BlackElo "2306"]
[Annotator "NA"]
[PlyCount "86"]
[EventDate "2019.08.23"]
[EventType "team-tourn"]
[EventCountry "SRB"]
[SourceTitle "playchess.com"]
[Source "ChessBase"]
[SourceQuality "1"]
[TimeControl "40/5400+30:1800+30"]

1. e4 {[%emt 0:02:01]} c5 {[%emt 0:00:19]} 2. Nf3 {[%emt 0:00:39]} e6 {[%emt 0:00:42]} 3. b3 {[%emt 0:01:12]} Nc6 {[%emt 0:01:30]} 4. Bb2 {[%emt 0:01:00]} d6 {[%emt 0:01:01]} 5. d4 {[%emt 0:00:37]} cxd4 {[%emt 0:06:35]} 6. Nxd4 {[%emt 0:00:17]} a6 {[%emt 0:02:00]} 7. c4 {[%emt 0:14:29]} Bd7 {[%emt 0:01:17]} 8. Nc3 {[%emt 0:00:27]} Nf6 {[%emt 0:00:21]} 9. Be2 {[%emt 0:00:34]} Be7 {[%emt 0:00:16]} 10. O-O {[%emt 0:00:45]} O-O {[%emt 0:00:56]} 11. Nc2 {[%emt 0:00:57]} Qc7 {[%emt 0:09:42]} 12. Qd2 {[%emt 0:01:26]} Rac8 {[%emt 0:01:24]} 13. Ne3 {[%emt 0:02:37]} Qb8 {[%emt 0:05:19]} 14. Rad1 {[%emt 0:10:00]} Rfd8 {[%emt 0:03:45]} 15. g4 {[%emt 0:11:59]} h6 {[%emt 0:04:20]} 16. f4 {[%emt 0:02:13]} Nh7 {[%emt 0:00:18]} 17. h4 {[%emt 0:11:43]} Bxh4 {[%emt 0:02:31]} 18. Bd3 {[%emt 0:01:22]} Bf6 {[%emt 0:05:06]} 19. Rf3 {[%emt 0:04:40]} Bd4 {[%emt 0:09:34]} 20. Kg2 {[%emt 0:02:24]} e5 {[%emt 0:01:12]} 21. Ncd5 {[%emt 0:05:32]} Bxb2 {[%emt 0:21:55]} 22. Qxb2 {[%emt 0:00:06]} exf4 {[%emt 0:01:37]} 23. Rxf4 {[%emt 0:00:11]} Re8 {[%emt 0:01:28]} 24. a4 {[%emt 0:08:03]} Ne5 {[%emt 0:01:45]} 25. a5 {[%emt 0:01:04]} Be6 {[%emt 0:00:48]} 26. Qd4 {[%emt 0:01:05]} Ng5 {[%emt 0:00:24]} 27. Nf5 {[%emt 0:04:33]} Bxf5 {[%emt 0:03:41]} 28. exf5 {[%emt 0:00:17]} f6 {[%emt 0:01:09]} 29. Kg3 {[%emt 0:03:16]} Nc6 {[%emt 0:00:56]} 30. Qc3 {[%emt 0:01:52]} Re5 {[%emt 0:00:16]} 31. Rf2 {[%emt 0:08:09]} Rce8 {[%emt 0:00:38]} 32. Rdd2 {[%emt 0:00:00]} Ne7 {[%emt 0:00:58]} 33. Nf4 {[%emt 0:00:00]} Qc7 {[%emt 0:02:52]} 34. b4 {[%emt 0:00:56]} Re3+ {[%emt 0:00:56]} 35. Kg2 {[%emt 0:00:32]} Qc6+ {[%emt 0:00:13]} 36. Kg1 {[%emt 0:00:25]} Nf3+ {[%emt 0:00:30]} 37. Rxf3 {[%emt 0:00:01]} Qxf3 {[%emt 0:00:12]} 38. Ng2 {[%emt 0:00:07]} Qg3 {[%emt 0:02:04]} 39. Qd4 {[%emt 0:00:18]} Nc6 {[%emt 0:00:28]} 40. Qd5+ {[%emt 0:00:00]} Kh8 {[%emt 0:00:00]} 41. Bf1 {[%emt 0:00:05]} Ne5 {[%emt 0:00:55]} 42. Kh1 {[%emt 0:00:17]} Nf3 {[%emt 0:00:16]} 43. Nxe3 {[%emt 0:00:33]} Qg1# {[%emt 0:00:37]} 0-1

[Event "SRB-chT Men 1st League 2019"]
[Site "Subotica"]
[Date "2019.09.01"]
[Round "11.7"]
[White "Predojevic, Borki"]
[Black "Mastrovasilis, Athanasios"]
[Result "1/2-1/2"]
[WhiteElo "2618"]
[BlackElo "2518"]
[Annotator "TA"]
[PlyCount "33"]
[EventDate "2019.08.23"]
[EventType "team-tourn"]
[EventCountry "SRB"]
[SourceTitle "playchess.com"]
[Source "ChessBase"]
[SourceQuality "1"]

{[%evp 21,33,18,10,0,6,8,20,15,12,14,41,32,30,0]} 1. e4 e5 2. Nf3 Nc6 3. Bc4 Bc5 4. c3 Nf6 5. d3 a6 6. O-O Ba7 7. Re1 d6 8. Bb3 O-O 9. h3 h6 10. Nbd2 {[%cal Bb1d2,Bd2f1,Bf1g3][%mdl 32]} Be6 11. Bc2 Re8 12. Nf1 {C54: Giuoco Piano: 4 c3 Nf6, main lines with 5 d4 and 5 d3} d5 13. exd5 Bxd5 14. Ng3 Qd7 15. b4 Re6 {[#]} 16. Nh4 $146 ({Predecessor:} 16. a4 b5 17. Be3 Bxe3 18. Rxe3 Rae8 19. Ne4 Qc8 20. Nc5 {0-1 (46) Ganguly,S (2668)-Inarkiev,E (2709) Doha 2016}) 16... Ne7 17. Be3 1/2-1/2

[Event "SRB-chT Men 1st League 2019"]
[Site "Subotica"]
[Date "2019.09.01"]
[Round "11.9"]
[White "Radovanovic, Mihajlo"]
[Black "Savic, Miodrag R"]
[Result "1-0"]
[WhiteElo "2496"]
[BlackElo "2472"]
[Annotator "ChessBase"]
[PlyCount "135"]
[EventDate "2019.08.23"]
[EventType "team-tourn"]
[EventCountry "SRB"]
[SourceTitle "playchess.com"]
[Source "ChessBase"]
[SourceQuality "1"]
[TimeControl "40/5400+30:1800+30"]

1. Nf3 {[%emt 0:00:00]} Nf6 {[%emt 0:00:00]} 2. g3 {[%emt 0:00:45]} d5 {[%emt 0:00:00]} 3. Bg2 {[%emt 0:00:06]} e6 {[%emt 0:03:42]} 4. O-O {[%emt 0:00:21]} Be7 {[%emt 0:01:46]} 5. d3 {[%emt 0:01:25]} b6 {[%emt 0:00:19]} 6. Nbd2 {[%emt 0:00:42]} Bb7 {[%emt 0:00:07]} 7. e4 {[%emt 0:00:42]} c5 {[%emt 0:04:11]} 8. Re1 {[%emt 0:01:35]} Nc6 {[%emt 0:00:17]} 9. c3 {[%emt 0:05:18]} Qc7 {[%emt 0:02:08]} 10. a3 {[%emt 0:02:45]} a5 {[%emt 0:11:14]} 11. Nf1 {[%emt 0:13:32]} dxe4 {[%emt 0:09:38]} 12. dxe4 {[%emt 0:00:02]} Ba6 {[%emt 0:13:23]} 13. e5 {[%emt 0:02:49]} Nd7 {[%emt 0:05:27]} 14. Qa4 {[%emt 0:04:13]} O-O {[%emt 0:08:32]} 15. Qe4 {[%emt 0:09:44]} Rac8 {[%emt 0:00:01]} 16. Bg5 {[%emt 0:04:23]} h6 {[%emt 0:01:59]} 17. Bf4 {[%emt 0:02:42]} Bb7 {[%emt 0:00:38]} 18. Qe2 {[%emt 0:01:51]} Rfd8 {[%emt 0:04:25]} 19. h4 {[%emt 0:02:28]} Nf8 {[%emt 0:07:20]} 20. h5 {[%emt 0:00:16]} Nb8 {[%emt 0:04:47]} 21. N1h2 {[%emt 0:09:47]} Ba6 {[%emt 0:00:27]} 22. Qe3 {[%emt 0:00:06]} Rd3 {[%emt 0:01:14]} 23. Qc1 {[%emt 0:00:23]} Bb7 {[%emt 0:00:56]} 24. Be3 {[%emt 0:03:04]} Nh7 {[%emt 0:00:57]} 25. Bf1 {[%emt 0:01:28]} Rd7 {[%emt 0:01:27]} 26. a4 {[%emt 0:04:12]} Bc6 {[%emt 0:01:51]} 27. Bf4 {[%emt 0:01:01]} Qb7 {[%emt 0:00:51]} 28. Qe3 {[%emt 0:00:22]} Rcd8 {[%emt 0:00:06]} 29. Be2 {[%emt 0:03:52]} Bf8 {[%emt 0:01:09]} 30. Ng4 {[%emt 0:01:23]} c4 {[%emt 0:03:06]} 31. Nd4 {[%emt 0:01:00]} Bd5 {[%emt 0:01:20]} 32. Bf3 {[%emt 0:04:30]} Bc5 {[%emt 0:00:28]} 33. Bxd5 {[%emt 0:00:25]} Rxd5 {[%emt 0:02:33]} 34. Qf3 {[%emt 0:04:11]} Bxd4 {[%emt 0:00:48]} 35. cxd4 {[%emt 0:00:01]} Nc6 {[%emt 0:00:35]} 36. Rad1 {[%emt 0:06:28]} Qd7 {[%emt 0:00:58]} 37. Ne3 {[%emt 0:05:30]} Rxd4 {[%emt 0:01:12]} 38. Qg4 {[%emt 0:00:50]} Qe7 {[%emt 0:03:50]} 39. Rxd4 {[%emt 0:00:37]} Rxd4 {[%emt 0:00:02]} 40. Nc2 {[%emt 0:00:00]} Qb7 {[%emt 0:00:00]} 41. Nxd4 {[%emt 0:04:03]} Nxd4 {[%emt 0:05:19]} 42. Re3 {[%emt 0:00:02]} Nf5 {[%emt 0:07:03]} 43. Qf3 {[%emt 0:01:16]} Qd7 {[%emt 0:03:02]} 44. Re1 {[%emt 0:02:35]} Ne7 {[%emt 0:05:53]} 45. Qg4 {[%emt 0:03:46]} Kh8 {[%emt 0:02:07]} 46. Be3 {[%emt 0:00:49]} Qxa4 {[%emt 0:01:16]} 47. Rd1 {[%emt 0:00:48]} Qe8 {[%emt 0:01:53]} 48. Rd6 {[%emt 0:06:28]} Nf5 {[%emt 0:02:20]} 49. Rxb6 {[%emt 0:00:15]} Nxe3 {[%emt 0:00:07]} 50. fxe3 {[%emt 0:00:07]} Ng5 {[%emt 0:02:03]} 51. Qxc4 {[%emt 0:00:11]} Qd8 {[%emt 0:02:03]} 52. Rd6 {[%emt 0:00:25]} Qe8 {[%emt 0:04:34]} 53. Qd3 {[%emt 0:04:20]} Nf3+ {[%emt 0:00:07]} 54. Kf1 {[%emt 0:00:09]} Nxe5 {[%emt 0:00:12]} 55. Rd8 {[%emt 0:00:04]} Nxd3 {[%emt 0:00:17]} 56. Rxe8+ {[%emt 0:00:04]} Kh7 {[%emt 0:00:01]} 57. Rb8 {[%emt 0:01:01]} g6 {[%emt 0:00:01]} 58. Ke2 {[%emt 0:00:32]} Nc5 {[%emt 0:01:18]} 59. Rb5 {[%emt 0:00:35]} Ne4 {[%emt 0:00:01]} 60. Rxa5 {[%emt 0:00:56]} Kg7 {[%emt 0:01:11]} 61. b4 {[%emt 0:01:13]} Kf6 {[%emt 0:00:01]} 62. Kd3 {[%emt 0:01:37]} Nxg3 {[%emt 0:00:32]} 63. b5 {[%emt 0:01:16]} Ke7 {[%emt 0:01:54]} 64. Ra7+ {[%emt 0:00:11]} Kd8 {[%emt 0:00:36]} 65. Rxf7 {[%emt 0:00:48]} gxh5 {[%emt 0:00:02]} 66. b6 {[%emt 0:00:14]} Kc8 {[%emt 0:00:01]} 67. Kd4 {[%emt 0:00:35]} Nf5+ {[%emt 0:01:25]} 68. Kc5 {[%emt 0:00:07]} 1-0

[Event "SRB-chT Men 1st League 2019"]
[Site "Subotica"]
[Date "2019.09.01"]
[Round "11.10"]
[White "Todorovic, Goran M"]
[Black "Vuckovic, Bojan"]
[Result "0-1"]
[WhiteElo "2415"]
[BlackElo "2581"]
[Annotator "ChessBase"]
[PlyCount "48"]
[EventDate "2019.08.23"]
[EventType "team-tourn"]
[EventCountry "SRB"]
[SourceTitle "playchess.com"]
[Source "ChessBase"]
[SourceQuality "1"]
[TimeControl "40/5400+30:1800+30"]

1. e4 {[%emt 0:00:00]} c5 {[%emt 0:00:00]} 2. Nf3 {[%emt 0:00:00]} Nc6 {[%emt 0:00:00]} 3. Nc3 {[%emt 0:00:29]} e5 {[%emt 0:01:15]} 4. Bc4 {[%emt 0:00:09]} Be7 {[%emt 0:00:10]} 5. d3 {[%emt 0:00:09]} d6 {[%emt 0:00:17]} 6. O-O {[%emt 0:00:38]} Nf6 {[%emt 0:00:29]} 7. Ng5 {[%emt 0:00:09]} O-O {[%emt 0:00:17]} 8. f4 {[%emt 0:00:07]} Bg4 {[%emt 0:01:54]} 9. Qe1 {[%emt 0:01:35]} exf4 {[%emt 0:14:08]} 10. Bxf4 {[%emt 0:00:29]} Bh5 {[%emt 0:00:42]} 11. a3 {[%emt 0:08:21]} Nd4 {[%emt 0:03:23]} 12. Qd2 {[%emt 0:03:24]} Nd7 {[%emt 0:04:19]} 13. Nh3 {[%emt 0:18:35]} Ne5 {[%emt 0:06:40]} 14. Ba2 {[%emt 0:04:11]} Qd7 {[%emt 0:10:07]} 15. Nd5 {[%emt 0:09:07]} Bh4 {[%emt 0:07:11]} 16. Bg5 {[%emt 0:24:04]} Qg4 {[%emt 0:18:44]} 17. Kh1 {[%emt 0:07:54]} Nef3 {[%emt 0:05:18]} 18. gxf3 {[%emt 0:02:08]} Qxh3 {[%emt 0:02:00]} 19. Bxh4 {[%emt 0:04:05]} Bxf3+ {[%emt 0:01:07]} 20. Kg1 {[%emt 0:05:41]} Qxh4 {[%emt 0:00:17]} 21. Rf2 {[%emt 0:00:24]} Qg4+ {[%emt 0:02:09]} 22. Kf1 {[%emt 0:00:06]} Be2+ {[%emt 0:01:57]} 23. Qxe2 {[%emt 0:05:05]} Nxe2 {[%emt 0:00:12]} 24. Rxe2 {[%emt 0:00:02]} Qf3+ {[%emt 0:00:18]} 0-1

[Event "SRB-chT Men 1st League 2019"]
[Site "Subotica"]
[Date "2019.09.01"]
[Round "11.11"]
[White "Roganovic, Milos"]
[Black "Markovic, Miroslav"]
[Result "1/2-1/2"]
[WhiteElo "2505"]
[BlackElo "2394"]
[Annotator "ChessBase"]
[PlyCount "27"]
[EventDate "2019.08.23"]
[EventType "team-tourn"]
[EventCountry "SRB"]
[SourceTitle "playchess.com"]
[Source "ChessBase"]
[SourceQuality "1"]
[TimeControl "40/5400+30:1800+30"]

1. e4 {[%emt 1:30:30]} c6 {[%emt 1:30:30]} 2. Nc3 {[%emt 0:00:30]} d5 {[%emt 0:00:30]} 3. d4 {[%emt 0:00:30]} dxe4 {[%emt 0:00:30]} 4. Nxe4 {[%emt 0:00:30]} Nf6 {[%emt 0:00:30]} 5. Nxf6+ {[%emt 0:00:30]} exf6 {[%emt 0:00:30]} 6. Bc4 {[%emt 0:00:30]} Bd6 {[%emt 0:00:30]} 7. Qe2+ {[%emt 0:00:30]} Be7 {[%emt 0:00:30]} 8. Nf3 {[%emt 0:00:30]} O-O {[%emt 0:00:30]} 9. O-O {[%emt 0:00:30]} Bd6 {[%emt 0:00:30]} 10. h3 {[%emt 0:00:30]} Re8 {[%emt 0:00:30]} 11. Be3 {[%emt 0:00:30]} Nd7 {[%emt 0:00:30]} 12. Bb3 {[%emt 0:00:30]} Nf8 {[%emt 0:00:30]} 13. Qd2 {[%emt 0:00:30]} Qc7 {[%emt 0:00:30]} 14. Rfe1 {[%emt 0:00:30]} 1/2-1/2

[Event "SRB-chT Men 1st League 2019"]
[Site "Subotica"]
[Date "2019.09.01"]
[Round "11.12"]
[White "Drazic, Sinisa"]
[Black "Zajic, Milan"]
[Result "1/2-1/2"]
[WhiteElo "2379"]
[BlackElo "2497"]
[Annotator "TA"]
[PlyCount "50"]
[EventDate "2019.08.23"]
[EventType "team-tourn"]
[EventCountry "SRB"]
[SourceTitle "playchess.com"]
[Source "ChessBase"]
[SourceQuality "1"]

{[%evp 9,50,18,48,8,14,3,7,0,0,0,0,0,0,-6,-3,-8,0,0,6,-14,-7,-6,0,0,0,0,0,0,0,-10,0,-9,0,-33,-26,-32,-27,-46,-41,-39,-22,-27,-15]} 1. d4 Nf6 2. c4 e6 3. Nf3 Bb4+ 4. Bd2 c5 5. e3 O-O 6. a3 {E11: Bogo-Indian} (6. Be2 a5 7. Nc3 b6 8. a3 Bxc3 9. Bxc3 a4 10. O-O Bb7 11. Qd3 Be4 12. Qd2 Bf5 13. Bd3 Bg4 {½-½ (59) Kraemer,M (2574)-Rapport,R (2649) Germany 2016}) 6... Bxd2+ 7. Nbxd2 b6 8. Be2 {The position is equal.} Bb7 9. O-O d6 10. b4 Nbd7 11. Qc2 Qe7 12. Rfd1 $146 ({Predecessor:} 12. Rfe1 Rac8 13. Qb2 Ne4 14. Nxe4 Bxe4 {1-0 (43) Kastelec,S (1962)-Drnovsek,G (1636) Kranj 2008}) 12... Rac8 13. Rac1 Rc7 14. Qb1 Rfc8 15. h3 h6 16. Qb2 e5 17. bxc5 bxc5 18. dxe5 dxe5 19. Nb1 Rb8 {[#] ...Bxf3 is the strong threat.} 20. Qa1 Ne4 21. Nc3 Nxc3 22. Qxc3 e4 23. Nh2 Bc6 24. Rb1 Re8 25. Nf1 Ne5 {Accuracy: White = 53%, Black = 65%.} 1/2-1/2